SPIKES AND SHOCKS THE FINANCIALISATION O (Record no. 31613)

MARC details
000 -LEADER
fixed length control field 00369nam a2200133Ia 4500
008 - FIXED-LENGTH DATA ELEMENTS--GENERAL INFORMATION
fixed length control field 240624s9999 xx 000 0 und d
041 ## - LANGUAGE CODE
Language code of text/sound track or separate title eng
082 ## - DEWEY DECIMAL CLASSIFICATION NUMBER
Classification number 338.27282 LEV
100 ## - MAIN ENTRY--PERSONAL NAME
Personal name GKANOUTAS LEVENTIS ANGELOS
245 ## - TITLE STATEMENT
Title SPIKES AND SHOCKS THE FINANCIALISATION O
260 ## - PUBLICATION, DISTRIBUTION, ETC.
Date of publication, distribution, etc. 2017
Place of publication, distribution, etc. London
Name of publisher, distributor, etc. Palgrave Macmillan
300 ## - PHYSICAL DESCRIPTION
Extent xiii, 157 p.; 23 cm.
365 ## - TRADE PRICE
Currency code ERU
Price amount 38
Holdings
Withdrawn status Lost status Damaged status Not for loan Home library Current library Shelving location Date acquired Full call number Barcode Date last seen Copy number Price effective from Koha item type
        IMTN IMTN Rack 11-B 04/24/2019 338.27282 LEV 31613 06/24/2024 82 06/24/2024 Books
Designed & Maintained by: LRC IMT Nagpur Contact: lrc@imtnag.ac.in© 2024. All Rights Reserved.